Представление документа в формате RUSMARC

ПолеНазваниеЗначение
  Тип записи a
  Библиографический уровень m
001 Контрольный номер ec9f455977724c1f859c21092b3e3e85
005 Дата корректировки 20141003073345.6
010 Индекс ISBN __
a ISBN 5-279-02396-5
200 Заглавие и сведения об ответственности 1_
a Заглавие Туристские формальности и безопасность в туризме
f Первые сведения об ответственности Маринин Михаил Михайлович
210 Выходные данные 1_
a Место издания М.
c Издательство Финансы и статистика
d Дата издания 2002
215 Физическое описание __
a Объем 139 с.
300 Общие примечания __
a Общие примечания 2экз.
610 Ключевые слова 0_
a Ключевые слова туризм
610 Ключевые слова 0_
a Ключевые слова туристический бизнес
610 Ключевые слова 0_
a Ключевые слова безопасность международного туризма
610 Ключевые слова 0_
a Ключевые слова Всемирная туристская организация
610 Ключевые слова 0_
a Ключевые слова туристские формальности
686 Индексы других классификаций __
a Классификационный индекс 75.814
2 Код системы rubbk
700 Автор _1
a Фамилия Маринин Михаил Михайлович
801 Источник записи _0
a Страна RU
b Организация РУК
c Дата составления 20020919
g Правила каталогизации PSBO
801 Источник записи _1
a Страна RU
b Организация РУК
c Дата составления 20020919
g Правила каталогизации PSBO
852 Данные о местонахождении __
i Авторский знак М26
j Шифр хранения ББК 75
901 Тип документа __
t Тип документа m
938 Служебная информация __
a Название организации Головной вуз
b Имя БД BOOK
c Название АИБС АИБС ИРБИС
938 Служебная информация __
a Название организации Камчатский филиал